000 00623nam a2200253Ia 4500
003 OSt
005 20220912145605.0
006 a|||||r|||| 00| 0
007 ta
008 220909b |||||||| |||| 00| 0 eng d
024 _a70494
037 _cTextual
040 _aCSL
_beng
_cCSL
041 _aeng
082 _aG, J63
100 _aYoung Clarence W
245 0 _aIntroduction to biological science
260 _c1956
300 _ap.
_ccm.
650 _aBiology
700 _a Stebbins G Ledyard
942 _hG, J63
_cTEXL
_2CC
999 _c34448
_d34448